La ironia festiva en los cuentos de Roberto Arlt (Registro nro. 162738)

Detalles MARC
001 - NÚMERO DE CONTROL
campo de control 629640
005 - FECHA Y HORA DE LA ÚLTIMA TRANSACCIÓN
campo de control 20260226095936.0
008 - DATOS DE LONGITUD FIJA--INFORMACIÓN GENERAL
campo de control de longitud fija 001011e20000601 spa
035 ## - NÚMERO DE CONTROL DEL SISTEMA
Número de control de sistema 629640
035 ## - NÚMERO DE CONTROL DEL SISTEMA
Número de control de sistema (OCoLC)819846927
040 ## - FUENTE DE LA CATALOGACIÓN
Centro/agencia transcriptor comduadb
041 ## - CÓDIGO DE LENGUA
Código de lengua del texto/banda sonora o título independiente spa
100 10 - ENTRADA PRINCIPAL--NOMBRE DE PERSONA
Nombre de persona Velez Correa, Roberto
Código de función aut
Término indicativo de función/relación Autor/a
9 (RLIN) 273994
245 13 - MENCIÓN DE TÍTULO
Título La ironia festiva en los cuentos de Roberto Arlt
600 17 - PUNTO DE ACCESO ADICIONAL DE MATERIA--NOMBRE DE PERSONA
Nombre de persona Arlt, Roberto
Fechas asociadas al nombre 1900-1942
Fuente del encabezamiento o término viaf
9 (RLIN) 860956
650 #7 - PUNTO DE ACCESO ADICIONAL DE MATERIA--TÉRMINO DE MATERIA
Término de materia o nombre geográfico como elemento de entrada Autores argentinos
Fuente del encabezamiento o término lemb
9 (RLIN) 51110
650 #7 - PUNTO DE ACCESO ADICIONAL DE MATERIA--TÉRMINO DE MATERIA
Término de materia o nombre geográfico como elemento de entrada Ironía en la literatura
Fuente del encabezamiento o término lemb
9 (RLIN) 52684
773 0# - ENLACE AL DOCUMENTO FUENTE/ENTRADA DE REGISTRO ANFITRIÓN
Título Mefisto. Revista de Literatura Latinoamericana (Pereira)
Parte(s) relacionada(s) Vol. 14, No. 07, 2000/Mefisto; Revista de Literatura Latinoamericana (Pereira), p. 15-18
Número de control del registro 491128
Número Internacional Normalizado para Publicaciones Seriadas 0123-8604
Número bibliográfico anfitrión 122842
942 ## - ELEMENTOS DE ENTRADA AGREGADA (KOHA)
Tipo de ítem Koha Artículo de Revista

No hay ítems disponibles.